Normal view MARC view
  • Bioundary Value Peoblems

Entry Topical Term

Number of records used in: 1

001 - CONTROL NUMBER

  • control field: 103276

003 - CONTROL NUMBER IDENTIFIER

  • control field: NUST

005 - DATE AND TIME OF LATEST TRANSACTION

  • control field: 20221121135520.0

008 - FIXED-LENGTH DATA ELEMENTS

  • fixed length control field: 221121|| aca||aabn | a|a d

040 ## - CATALOGING SOURCE

  • Original cataloging agency: NUST
  • Transcribing agency: NUST

150 ## - HEADING--TOPICAL TERM

  • Topical term or geographic name entry element: Bioundary Value Peoblems

670 ## - SOURCE DATA FOUND

  • Source citation: Work cat.: (NUST)194716: Zill Dennis.G 1266, Differential Equations :, 1992
© 2023 Central Library, National University of Sciences and Technology. All Rights Reserved.